Quick Pick: Players with 100+ Caps Quiz Stats

 Plays Quiz Updated Oct 9, 2017

Challenge
Share
Tweet
Embed
Score 0/15 Timer 01:30
5 Plays Today
% Correct
England
93.4%
France
89.9%
Netherlands
89.7%
Greece
89.1%
Brazil
86.7%
Sweden
83.1%
Argentina
81.8%
Finland
77%
% Correct
Romania
75.6%
Cameroon
75.1%
Ivory Coast
71.9%
Hungary
67.6%
Turkey
67.4%
Denmark
64.2%
Spain
63%

Today's Daily Dose

You're not logged in!

Compare scores with friends on all Sporcle quizzes.
Join for Free
OR
Log In

You Might Also Like...

Show Comments

Extras

Top Quizzes Today


Score Distribution

Your Account Isn't Verified!

In order to create a playlist on Sporcle, you need to verify the email address you used during registration. Go to your Sporcle Settings to finish the process.

Report this User

Report this user for behavior that violates our Community Guidelines.

Details: